| 000 | 004580000a22001690004500 | ||
|---|---|---|---|
| 003 | MACL | ||
| 005 | 20151231164134.0 | ||
| 008 | 151231b xxu||||| |||| 00| 0 eng d | ||
| 040 |
_aMACL _cMACL |
||
| 041 | _aEnglish | ||
| 082 | _a330/KAU | ||
| 100 |
_aKaushal, S C _925979 |
||
| 245 |
_aCommentaries on The Expenditure Tax Act _bAct No 29 of 1957 |
||
| 260 |
_bCentral Law Agency _c1959 _aAllahabad |
||
| 650 |
_aEconomics _925980 |
||
| 942 |
_cBK _k330/KAU _2ddc |
||
| 999 |
_c38917 _d38917 |
||